[Event "Netanya Open 2019"]
[Site "Netanya"]
[Date "2019.07.02"]
[Round "9.8"]
[White "Kantsler, Boris"]
[Black "Svetushkin, Dmitry"]
[Result "1-0"]
[WhiteElo "2420"]
[BlackElo "2532"]
[Annotator "ChessBase"]
[PlyCount "89"]
[EventDate "2019.06.23"]
[EventType "swiss"]
[EventCountry "ISR"]
[SourceTitle "playchess.com"]
[Source "ChessBase"]
[SourceQuality "1"]
[TimeControl "40/5400+30:1800+30"]

1. d4 {[%emt 0:00:00]} Nf6 {[%emt 0:00:00]} 2. c4 {[%emt 0:00:00]} e6 {[%emt 0:00:00]} 3. Nc3 {[%emt 0:00:00]} Bb4 {[%emt 0:00:00]} 4. e3 {[%emt 0:00:00]} O-O {[%emt 0:00:11]} 5. Bd3 {[%emt 0:00:00]} c5 {[%emt 0:00:13]} 6. Nge2 {[%emt 0:00:44]} d5 {[%emt 0:00:20]} 7. O-O {[%emt 0:01:11]} cxd4 {[%emt 0:00:43]} 8. exd4 {[%emt 0:00:06]} dxc4 {[%emt 0:00:08]} 9. Bxc4 {[%emt 0:00:05]} Nbd7 {[%emt 0:00:10]} 10. Bg5 {[%emt 0:02:40]} Nb6 {[%emt 0:00:12]} 11. Bb3 {[%emt 0:00:05]} Be7 {[%emt 0:00:06]} 12. Qd3 {[%emt 0:01:01]} Bd7 {[%emt 0:00:19]} 13. Bc2 {[%emt 0:02:35]} g6 {[%emt 0:00:07]} 14. Bb3 {[%emt 0:00:12]} Bc6 {[%emt 0:00:32]} 15. Rfd1 {[%emt 0:00:33]} Re8 {[%emt 0:02:11]} 16. Rac1 {[%emt 0:00:29]} Nfd5 {[%emt 0:01:08]} 17. Bxe7 {[%emt 0:00:11]} Rxe7 {[%emt 0:00:57]} 18. Qg3 {[%emt 0:01:21]} a5 {[%emt 0:14:36]} 19. a3 {[%emt 0:02:43]} a4 {[%emt 0:03:37]} 20. Ba2 {[%emt 0:00:24]} Rd7 {[%emt 0:00:31]} 21. Ne4 {[%emt 0:03:01]} Nf6 {[%emt 0:01:27]} 22. Nc5 {[%emt 0:01:48]} Ne4 {[%emt 0:00:43]} 23. Nxe4 {[%emt 0:01:50]} Bxe4 {[%emt 0:00:40]} 24. Nc3 {[%emt 0:02:19]} Bc6 {[%emt 0:06:15]} 25. Qe5 {[%emt 0:01:19]} Bd5 {[%emt 0:16:05]} 26. Bxd5 {[%emt 0:05:57]} Nxd5 {[%emt 0:01:59]} 27. Ne4 {[%emt 0:01:34]} b6 {[%emt 0:12:48]} 28. Rc4 {[%emt 0:03:47]} Rc8 {[%emt 0:04:05]} 29. Rdc1 {[%emt 0:00:24]} Rxc4 {[%emt 0:00:05]} 30. Rxc4 {[%emt 0:00:04]} Qa8 {[%emt 0:00:33]} 31. h4 {[%emt 0:20:06]} h5 {[%emt 0:04:04]} 32. g4 {[%emt 0:04:44]} Qf8 {[%emt 0:10:58]} 33. gxh5 {[%emt 0:04:43]} gxh5 {[%emt 0:00:09]} 34. Qxh5 {[%emt 0:16:09]} f6 {[%emt 0:00:27]} 35. Kf1 {[%emt 0:06:36]} Rg7 {[%emt 0:02:46]} 36. Rc6 {[%emt 0:02:16]} Re7 {[%emt 0:06:59]} 37. Qg4+ {[%emt 0:03:43]} Kh8 {[%emt 0:05:16]} 38. Rxe6 {[%emt 0:00:44]} Qc8 {[%emt 0:00:42]} 39. Qh5+ {[%emt 0:00:23]} Kg7 {[%emt 0:00:01]} 40. Rxe7+ {[%emt 0:01:30]} Nxe7 {[%emt 0:07:57]} 41. Kg2 {[%emt 0:35:07]} Ng6 {[%emt 0:24:55]} 42. Kh2 {[%emt 0:00:25]} Ne7 {[%emt 0:00:00]} 43. Ng3 {[%emt 0:00:00]} Qc2 {[%emt 0:00:00]} 44. Qe2 {[%emt 0:00:00]} Qc7 {[%emt 0:00:00]} 45. Qxe7+ {[%emt 0:00:00]} 1-0

[Event "Netanya Open 2019"]
[Site "Netanya"]
[Date "2019.07.02"]
[Round "9.9"]
[White "Grinberg, Eyal"]
[Black "Krayz, Alexander"]
[Result "1-0"]
[WhiteElo "2474"]
[BlackElo "2377"]
[Annotator "ChessBase"]
[PlyCount "67"]
[EventDate "2019.06.23"]
[EventType "swiss"]
[EventCountry "ISR"]
[SourceTitle "playchess.com"]
[Source "ChessBase"]
[SourceQuality "1"]
[TimeControl "40/5400+30:1800+30"]

1. e4 {[%emt 0:00:00]} Nf6 {[%emt 0:00:00]} 2. e5 {[%emt 0:00:00]} Nd5 {[%emt 0:00:00]} 3. d4 {[%emt 0:00:02]} d6 {[%emt 0:00:00]} 4. Nf3 {[%emt 0:00:13]} Bg4 {[%emt 0:00:00]} 5. Be2 {[%emt 0:00:26]} e6 {[%emt 0:00:09]} 6. O-O {[%emt 0:00:29]} Be7 {[%emt 0:00:19]} 7. h3 {[%emt 0:00:25]} Bh5 {[%emt 0:00:09]} 8. c4 {[%emt 0:00:26]} Nb6 {[%emt 0:00:08]} 9. Nc3 {[%emt 0:00:27]} O-O {[%emt 0:00:11]} 10. Be3 {[%emt 0:00:15]} N8d7 {[%emt 0:00:15]} 11. exd6 {[%emt 0:00:08]} cxd6 {[%emt 0:00:06]} 12. b3 {[%emt 0:00:14]} Nf6 {[%emt 0:00:38]} 13. Rc1 {[%emt 0:00:18]} Nbd7 {[%emt 0:00:29]} 14. g4 {[%emt 0:00:50]} Bg6 {[%emt 0:00:10]} 15. Nh4 {[%emt 0:00:16]} d5 {[%emt 0:11:31]} 16. Nxg6 {[%emt 0:00:46]} hxg6 {[%emt 0:00:11]} 17. Bf3 {[%emt 0:00:10]} dxc4 {[%emt 0:02:17]} 18. bxc4 {[%emt 0:02:08]} Rc8 {[%emt 0:05:40]} 19. c5 {[%emt 0:05:34]} b6 {[%emt 0:04:50]} 20. c6 {[%emt 0:15:17]} Nb8 {[%emt 0:01:54]} 21. d5 {[%emt 0:04:01]} Nxd5 {[%emt 0:02:39]} 22. Nxd5 {[%emt 0:01:58]} exd5 {[%emt 0:00:11]} 23. Bxd5 {[%emt 0:00:27]} Na6 {[%emt 0:03:03]} 24. Qf3 {[%emt 0:16:14]} Bg5 {[%emt 0:14:56]} 25. Rcd1 {[%emt 0:08:44]} Qe7 {[%emt 0:06:40]} 26. Bd4 {[%emt 0:06:22]} Rfd8 {[%emt 0:11:07]} 27. Rfe1 {[%emt 0:02:48]} Qf8 {[%emt 0:00:19]} 28. Be5 {[%emt 0:01:13]} Nc7 {[%emt 0:05:17]} 29. Bb3 {[%emt 0:02:52]} Re8 {[%emt 0:12:47]} 30. Rd7 {[%emt 0:03:05]} Ne6 {[%emt 0:01:05]} 31. Bd6 {[%emt 0:05:07]} Be7 {[%emt 0:00:25]} 32. Rxe7 {[%emt 0:02:34]} Rxe7 {[%emt 0:01:04]} 33. Bxe6 {[%emt 0:05:58]} Rce8 {[%emt 0:13:34]} 34. c7 {[%emt 0:01:22]} 1-0

[Event "Netanya Open 2019"]
[Site "Netanya"]
[Date "2019.07.02"]
[Round "9.10"]
[White "Gorshtein, Ido"]
[Black "Erenberg, Ariel"]
[Result "0-1"]
[WhiteElo "2367"]
[BlackElo "2434"]
[Annotator "NA"]
[PlyCount "80"]
[EventDate "2019.06.23"]
[EventType "swiss"]
[EventCountry "ISR"]
[SourceTitle "playchess.com"]
[Source "ChessBase"]
[SourceQuality "1"]
[TimeControl "40/5400+30:1800+30"]

1. e4 {[%emt 0:00:00]} e5 {[%emt 0:00:00]} 2. Nf3 {[%emt 0:00:00]} Nc6 {[%emt 0:00:02]} 3. Bb5 {[%emt 0:00:00]} a6 {[%emt 0:00:03]} 4. Ba4 {[%emt 0:00:00]} Nf6 {[%emt 0:00:15]} 5. Nc3 {[%emt 0:00:00]} b5 {[%emt 0:05:05]} 6. Bb3 {[%emt 0:00:01]} Be7 {[%emt 0:00:07]} 7. d3 {[%emt 0:00:04]} d6 {[%emt 0:00:36]} 8. a3 {[%emt 0:00:04]} O-O {[%emt 0:00:21]} 9. O-O {[%emt 0:00:04]} Na5 {[%emt 0:00:03]} 10. Ba2 {[%emt 0:00:05]} Be6 {[%emt 0:00:04]} 11. d4 {[%emt 0:00:07]} Bxa2 {[%emt 0:00:10]} 12. Rxa2 {[%emt 0:00:07]} Re8 {[%emt 0:00:04]} 13. Re1 {[%emt 0:01:55]} h6 {[%emt 0:22:04]} 14. d5 {[%emt 0:09:10]} Rc8 {[%emt 0:03:15]} 15. b4 {[%emt 0:03:53]} Nc4 {[%emt 0:00:57]} 16. Qd3 {[%emt 0:05:28]} c6 {[%emt 0:02:42]} 17. a4 {[%emt 0:05:20]} cxd5 {[%emt 0:00:35]} 18. exd5 {[%emt 0:00:25]} Qd7 {[%emt 0:02:50]} 19. Nd2 {[%emt 0:07:08]} Rc7 {[%emt 0:23:22]} 20. axb5 {[%emt 0:03:12]} axb5 {[%emt 0:00:45]} 21. Nxc4 {[%emt 0:00:48]} Rxc4 {[%emt 0:00:05]} 22. Nxb5 {[%emt 0:03:13]} Qxb5 {[%emt 0:08:19]} 23. Ra5 {[%emt 0:00:15]} e4 {[%emt 0:01:39]} 24. Qe2 {[%emt 0:06:20]} Qxb4 {[%emt 0:00:48]} 25. Bd2 {[%emt 0:00:04]} Rc3 {[%emt 0:00:49]} 26. Rb5 {[%emt 0:14:37]} Qc4 {[%emt 0:00:10]} 27. Bxc3 {[%emt 0:00:04]} Qxc3 {[%emt 0:00:03]} 28. Rb3 {[%emt 0:00:19]} Qc5 {[%emt 0:07:13]} 29. c4 {[%emt 0:00:15]} Rc8 {[%emt 0:00:48]} 30. Rc1 {[%emt 0:02:21]} Qxd5 {[%emt 0:01:27]} 31. Rb8 {[%emt 0:00:56]} Qc5 {[%emt 0:01:51]} 32. Rxc8+ {[%emt 0:00:07]} Qxc8 {[%emt 0:00:02]} 33. Rd1 {[%emt 0:00:52]} Qc5 {[%emt 0:00:34]} 34. h3 {[%emt 0:00:43]} h5 {[%emt 0:00:58]} 35. Rd2 {[%emt 0:01:49]} g6 {[%emt 0:00:26]} 36. Rd1 {[%emt 0:00:18]} Kg7 {[%emt 0:00:22]} 37. Kh1 {[%emt 0:02:20]} h4 {[%emt 0:01:28]} 38. Kg1 {[%emt 0:00:32]} Bd8 {[%emt 0:01:01]} 39. Rb1 {[%emt 0:03:48]} Bb6 {[%emt 0:01:26]} 40. Kf1 {[%emt 0:03:17]} Qd4 {[%emt 0:01:24]} 0-1

[Event "Netanya Open 2019"]
[Site "Netanya"]
[Date "2019.07.02"]
[Round "9.11"]
[White "Emanuel, Yahav"]
[Black "Kuzubov, Yuriy"]
[Result "1/2-1/2"]
[WhiteElo "2359"]
[BlackElo "2671"]
[Annotator "TA"]
[PlyCount "133"]
[EventDate "2019.06.23"]
[EventType "swiss"]
[EventCountry "ISR"]
[SourceTitle "playchess.com"]
[Source "ChessBase"]
[SourceQuality "1"]

{[%evp 18,133,29,28,38,22,37,32,34,45,51,30,42,25,25,-16,-16,-17,-20,-60,-60,-60,-60,-51,-54,-60,-60,-60,-52,-27,-40,-45,-49,-47,-22,-22,-22,-36,-20,-27,-17,-25,-31,-26,0,-42,-50,-39,-43,-70,-65,-137,-120,-149,-111,-105,-66,-101,-105,-98,-58,-63,-84,-254,0,0,0,-67,0,0,0,0,0,0,0,0,0,0,0,-8,0,0,8,20,62,64,64,63,62,0,319,317,309,301,309,296,861,861,861,193,814,0,0,0,0,0,0,0,0,-8,-8,-8,-8,-8,-8,-8,-8,-8]} 1. e4 c5 2. Nf3 Nc6 3. Nc3 e5 4. Bc4 Be7 5. d3 Nf6 6. Nd2 d6 7. Nf1 Bg4 8. f3 Be6 9. Ne3 O-O 10. O-O Kh8 $146 {B30: Sicilian: 2...Nc6 3 Bb5, lines without ...g6} ({Predecessor:} 10... Nh5 11. g3 Bg5 12. Ncd5 Bxe3+ 13. Bxe3 Ne7 14. Bg5 Bxd5 15. Bxd5 h6 16. Bxe7 Qxe7 17. f4 Nf6 18. Bb3 {½-½ (57) Bacrot,E (2725)-Yu,Y (2751) Riadh 2017}) 11. Bd2 Qd7 12. a4 {[%cal Ba2a4,Ba4a5,Ba5a6][%mdl 32]} Nh5 {White is slightly better.} 13. a5 Bd8 14. a6 b6 15. Ncd5 Ne7 16. g4 Nf4 17. Nxf4 exf4 18. Nd5 Bxd5 19. Bxd5 Nxd5 20. exd5 Bf6 21. Bxf4 Bxb2 {aiming for ...Bd4+.} 22. Rb1 Bd4+ 23. Kg2 b5 {[%cal Bb6b5,Bb5b4][%mdl 32]} 24. Re1 b4 25. Be3 Bc3 26. Bd2 Bf6 27. d4 $1 Bxd4 28. Bxb4 $1 h5 29. Bd2 hxg4 30. fxg4 Rab8 31. Qf3 Rxb1 32. Rxb1 Qa4 $36 {[%mdl 2048] Black is more active.} 33. Qd3 Be5 34. c4 (34. h3 $15) 34... Qxa6 $17 35. h4 Re8 36. g5 Bd4 37. Rf1 Qc8 {( -> ...Qg4+)} 38. Qf3 {Threatening mate with Qh5+.} Re7 39. h5 Qe8 40. Kh3 $2 (40. Bf4 $17 {keeps fighting.}) 40... Kg8 $2 (40... Be3 $19 41. Be1 Bxg5) 41. g6 $1 $11 f6 42. Qf5 (42. Rb1 $11) 42... a5 ({Black should play} 42... Re5 $15 43. Qf3 a5 $1 {[%mdl 512]}) 43. Bxa5 Re3+ 44. Kg2 Re2+ 45. Kh1 Re5 46. Qh3 Re3 47. Qf5 Kf8 (47... Bc3 {seems wilder.} 48. Bxc3 Rxc3 49. Rf3 Rc1+ 50. Kg2 Re1) 48. Bd2 Qe4+ 49. Qxe4 Rxe4 {[%mdl 4096] Endgame KRB-KRB} 50. Rb1 {With the idea Rb8+.} f5 51. Rb8+ Ke7 52. Bg5+ $1 Kd7 53. Rf8 (53. Rd8+ $1 $14 Kc7 54. Rf8) 53... Bb2 $2 {[%mdl 8192]} (53... Rg4 $1 $11 54. Rxf5 Be5) 54. Rxf5 $18 Rxc4 {[#]} 55. Kg2 $1 Re4 56. Kf3 Re5 $2 (56... Re1 57. Rf7+ Ke8) 57. Rxe5 Bxe5 {KB-KB} 58. Ke4 c4 $2 (58... Ba1 59. Kf5 (59. h6 gxh6 60. Bxh6 Ke8 $11) 59... Bd4) 59. h6 $2 (59. Bh4 $18 {Hoping for Bf2.} Ba1 60. Bf2) 59... gxh6 $11 {The position is equal.} 60. Bxh6 {g7 is the strong threat.} Ke7 61. Kf5 c3 62. Bc1 $1 Kf8 63. Ke4 Kg7 64. Kd3 Kxg6 65. Ba3 Kf5 {[#]} 66. Bxd6 $1 {[%mdl 512]} Bxd6 67. Kxc3 {Accuracy: White = 50%, Black = 49%.} 1/2-1/2

[Event "Netanya Open 2019"]
[Site "Netanya"]
[Date "2019.07.02"]
[Round "9.12"]
[White "Bronstein, Or"]
[Black "Huzman, Alexander"]
[Result "1/2-1/2"]
[WhiteElo "2378"]
[BlackElo "2588"]
[Annotator "ChessBase"]
[PlyCount "62"]
[EventDate "2019.06.23"]
[EventType "swiss"]
[EventCountry "ISR"]
[SourceTitle "playchess.com"]
[Source "ChessBase"]
[SourceQuality "1"]
[TimeControl "40/5400+30:1800+30"]

1. d4 {[%emt 0:00:00]} Nf6 {[%emt 0:00:10]} 2. c4 {[%emt 0:00:00]} e6 {[%emt 0:00:04]} 3. Nf3 {[%emt 0:00:00]} Bb4+ {[%emt 0:00:40]} 4. Bd2 {[%emt 0:00:18]} Qe7 {[%emt 0:01:56]} 5. g3 {[%emt 0:03:34]} Nc6 {[%emt 0:00:16]} 6. a3 {[%emt 0:00:56]} Bxd2+ {[%emt 0:03:43]} 7. Qxd2 {[%emt 0:00:25]} d5 {[%emt 0:05:51]} 8. Bg2 {[%emt 0:01:29]} dxc4 {[%emt 0:03:23]} 9. Qc3 {[%emt 0:00:44]} O-O {[%emt 0:00:30]} 10. Nbd2 {[%emt 0:02:57]} Rd8 {[%emt 0:04:41]} 11. Nxc4 {[%emt 0:09:22]} Nd5 {[%emt 0:03:42]} 12. Qc2 {[%emt 0:06:39]} Nb6 {[%emt 0:09:57]} 13. Rd1 {[%emt 0:06:29]} Nxc4 {[%emt 0:00:45]} 14. Qxc4 {[%emt 0:00:24]} Bd7 {[%emt 0:00:01]} 15. O-O {[%emt 0:00:34]} Be8 {[%emt 0:00:03]} 16. Rc1 {[%emt 0:12:42]} a5 {[%emt 0:05:15]} 17. e3 {[%emt 0:00:59]} Rdc8 {[%emt 0:04:01]} 18. Qc5 {[%emt 0:06:02]} Rab8 {[%emt 0:07:35]} 19. Nd2 {[%emt 0:09:31]} b6 {[%emt 0:01:30]} 20. Qxe7 {[%emt 0:01:42]} Nxe7 {[%emt 0:00:20]} 21. Nc4 {[%emt 0:01:11]} f6 {[%emt 0:11:40]} 22. Rfd1 {[%emt 0:03:58]} Rd8 {[%emt 0:00:35]} 23. e4 {[%emt 0:04:50]} Ba4 {[%emt 0:08:29]} 24. Rd2 {[%emt 0:00:29]} Bb5 {[%emt 0:00:07]} 25. Bh3 {[%emt 0:08:25]} Kf7 {[%emt 0:01:04]} 26. Bf1 {[%emt 0:02:38]} Bxc4 {[%emt 0:08:03]} 27. Bxc4 {[%emt 0:01:16]} c5 {[%emt 0:01:12]} 28. f4 {[%emt 0:05:08]} Nc6 {[%emt 0:06:17]} 29. d5 {[%emt 0:00:35]} exd5 {[%emt 0:00:11]} 30. Rxd5 {[%emt 0:01:19]} Ke7 {[%emt 0:00:13]} 31. Kf2 {[%emt 0:00:48]} Rxd5 {[%emt 0:00:38]} 1/2-1/2

[Event "Netanya Open 2019"]
[Site "Netanya"]
[Date "2019.07.02"]
[Round "9.13"]
[White "Parkhov, Yair"]
[Black "Rechlis, Gad"]
[Result "1-0"]
[WhiteElo "2354"]
[BlackElo "2506"]
[Annotator "ChessBase"]
[PlyCount "39"]
[EventDate "2019.06.23"]
[EventType "swiss"]
[EventCountry "ISR"]
[SourceTitle "playchess.com"]
[Source "ChessBase"]
[SourceQuality "1"]
[TimeControl "40/5400+30:1800+30"]

1. d4 {[%emt 0:00:00]} Nf6 {[%emt 0:21:06]} 2. c4 {[%emt 0:00:00]} g6 {[%emt 0:01:32]} 3. Nc3 {[%emt 0:00:00]} Bg7 {[%emt 0:00:05]} 4. e4 {[%emt 0:00:00]} O-O {[%emt 0:00:20]} 5. Be3 {[%emt 0:00:15]} c6 {[%emt 0:27:34]} 6. e5 {[%emt 0:20:46]} Ne8 {[%emt 0:00:10]} 7. f4 {[%emt 0:00:20]} d6 {[%emt 0:00:24]} 8. Nf3 {[%emt 0:00:09]} f6 {[%emt 0:15:19]} 9. exd6 {[%emt 0:10:26]} exd6 {[%emt 0:03:17]} 10. Bd3 {[%emt 0:04:36]} f5 {[%emt 0:03:03]} 11. O-O {[%emt 0:02:07]} Nf6 {[%emt 0:00:04]} 12. Kh1 {[%emt 0:04:05]} Re8 {[%emt 0:00:29]} 13. Re1 {[%emt 0:00:22]} Na6 {[%emt 0:00:59]} 14. Qb3 {[%emt 0:07:20]} Qb6 {[%emt 0:02:13]} 15. Qxb6 {[%emt 0:08:33]} axb6 {[%emt 0:04:31]} 16. Bg1 {[%emt 0:01:46]} Be6 {[%emt 0:10:29]} 17. a3 {[%emt 0:01:05]} d5 {[%emt 0:01:33]} 18. Bf1 {[%emt 0:08:11]} Nc7 {[%emt 0:01:15]} 19. Ng5 {[%emt 0:00:27]} Rad8 {[%emt 0:04:03]} 20. Na4 {[%emt 0:06:19]} 1-0

[Event "Netanya Open 2019"]
[Site "Netanya"]
[Date "2019.07.02"]
[Round "9.14"]
[White "Zanan, Evgeny"]
[Black "Sivan, Yaacov"]
[Result "1/2-1/2"]
[WhiteElo "2505"]
[BlackElo "2320"]
[Annotator "ChessBase"]
[PlyCount "73"]
[EventDate "2019.06.23"]
[EventType "swiss"]
[EventCountry "ISR"]
[SourceTitle "playchess.com"]
[Source "ChessBase"]
[SourceQuality "1"]
[TimeControl "40/5400+30:1800+30"]

1. e4 {[%emt 0:00:00]} c5 {[%emt 0:00:00]} 2. Nf3 {[%emt 0:00:00]} Nc6 {[%emt 0:00:38]} 3. d4 {[%emt 0:00:00]} cxd4 {[%emt 0:00:11]} 4. Nxd4 {[%emt 0:00:01]} g6 {[%emt 0:00:10]} 5. c4 {[%emt 0:00:10]} Bg7 {[%emt 0:00:49]} 6. Be3 {[%emt 0:00:06]} Nf6 {[%emt 0:00:21]} 7. Nc3 {[%emt 0:00:05]} O-O {[%emt 0:00:49]} 8. Be2 {[%emt 0:01:51]} d6 {[%emt 0:00:38]} 9. f3 {[%emt 0:02:44]} a5 {[%emt 0:01:36]} 10. b3 {[%emt 0:01:50]} Nd7 {[%emt 0:06:09]} 11. Ndb5 {[%emt 0:03:46]} Nc5 {[%emt 0:05:00]} 12. Rc1 {[%emt 0:01:58]} a4 {[%emt 0:09:40]} 13. O-O {[%emt 0:04:24]} axb3 {[%emt 0:01:46]} 14. axb3 {[%emt 0:00:05]} f5 {[%emt 0:06:06]} 15. exf5 {[%emt 0:14:50]} Bxf5 {[%emt 0:02:10]} 16. g4 {[%emt 0:00:57]} Be6 {[%emt 0:08:01]} 17. Nd5 {[%emt 0:05:12]} Ra2 {[%emt 0:16:21]} 18. b4 {[%emt 0:12:02]} Bxd5 {[%emt 0:03:53]} 19. Qxd5+ {[%emt 0:16:14]} e6 {[%emt 0:03:15]} 20. Qxd6 {[%emt 0:08:33]} Qxd6 {[%emt 0:02:41]} 21. Nxd6 {[%emt 0:00:08]} Rxe2 {[%emt 0:00:30]} 22. Bxc5 {[%emt 0:00:21]} Ne5 {[%emt 0:04:14]} 23. Rf2 {[%emt 0:21:48]} Nxf3+ {[%emt 0:06:22]} 24. Kf1 {[%emt 0:00:05]} Rxf2+ {[%emt 0:02:58]} 25. Kxf2 {[%emt 0:00:06]} Nxh2+ {[%emt 0:06:44]} 26. Kg2 {[%emt 0:00:06]} Nxg4 {[%emt 0:00:10]} 27. Nxb7 {[%emt 0:00:04]} Rb8 {[%emt 0:03:19]} 28. Na5 {[%emt 0:01:43]} Ne5 {[%emt 0:00:25]} 29. Bd6 {[%emt 0:01:10]} Ra8 {[%emt 0:00:50]} 30. c5 {[%emt 0:01:31]} Nd3 {[%emt 0:04:33]} 31. Rc4 {[%emt 0:01:35]} Nxb4 {[%emt 0:00:12]} 32. Rxb4 {[%emt 0:02:35]} Bc3 {[%emt 0:00:04]} 33. Rb3 {[%emt 0:00:00]} Bxa5 {[%emt 0:00:13]} 34. Ra3 {[%emt 0:00:00]} Kf7 {[%emt 0:00:42]} 35. c6 {[%emt 0:00:49]} Rc8 {[%emt 0:01:03]} 36. Rxa5 {[%emt 0:00:08]} Rxc6 {[%emt 0:00:04]} 37. Bf4 {[%emt 0:00:21]} 1/2-1/2

[Event "Netanya Open 2019"]
[Site "Netanya"]
[Date "2019.07.02"]
[Round "9.15"]
[White "Globus, Or"]
[Black "Zoler, Dan"]
[Result "1/2-1/2"]
[WhiteElo "2352"]
[BlackElo "2499"]
[Annotator "ChessBase"]
[PlyCount "107"]
[EventDate "2019.06.23"]
[EventType "swiss"]
[EventCountry "ISR"]
[SourceTitle "playchess.com"]
[Source "ChessBase"]
[SourceQuality "1"]
[TimeControl "40/5400+30:1800+30"]

1. d4 {[%emt 0:00:00]} Nf6 {[%emt 0:00:44]} 2. c4 {[%emt 0:00:00]} b6 {[%emt 0:00:06]} 3. Nf3 {[%emt 0:09:06]} Bb7 {[%emt 0:00:32]} 4. g3 {[%emt 0:01:19]} g6 {[%emt 0:00:49]} 5. Bg2 {[%emt 0:01:07]} Bg7 {[%emt 0:00:07]} 6. O-O {[%emt 0:00:58]} O-O {[%emt 0:00:09]} 7. Bf4 {[%emt 0:09:04]} c5 {[%emt 0:07:32]} 8. d5 {[%emt 0:06:51]} b5 {[%emt 0:02:03]} 9. Re1 {[%emt 0:08:58]} bxc4 {[%emt 0:24:42]} 10. Nc3 {[%emt 0:08:08]} Nh5 {[%emt 0:05:19]} 11. Bg5 {[%emt 0:06:26]} d6 {[%emt 0:08:19]} 12. e4 {[%emt 0:02:03]} Nd7 {[%emt 0:03:41]} 13. g4 {[%emt 0:10:15]} Nhf6 {[%emt 0:00:19]} 14. e5 {[%emt 0:01:43]} dxe5 {[%emt 0:03:16]} 15. Nxe5 {[%emt 0:00:54]} Nxe5 {[%emt 0:04:09]} 16. Rxe5 {[%emt 0:00:06]} h6 {[%emt 0:04:03]} 17. Bh4 {[%emt 0:04:27]} g5 {[%emt 0:04:14]} 18. Bg3 {[%emt 0:01:37]} Ne8 {[%emt 0:00:37]} 19. Re3 {[%emt 0:04:45]} Nd6 {[%emt 0:01:29]} 20. Qe2 {[%emt 0:01:08]} Bf6 {[%emt 0:02:14]} 21. Re1 {[%emt 0:01:07]} Ba6 {[%emt 0:03:41]} 22. h4 {[%emt 0:03:52]} Rb8 {[%emt 0:02:00]} 23. hxg5 {[%emt 0:05:55]} hxg5 {[%emt 0:00:13]} 24. Be5 {[%emt 0:01:09]} Kg7 {[%emt 0:13:11]} 25. Rh3 {[%emt 0:04:11]} Rh8 {[%emt 0:01:52]} 26. Rxh8 {[%emt 0:00:53]} Qxh8 {[%emt 0:00:53]} 27. Bxf6+ {[%emt 0:04:43]} exf6 {[%emt 0:00:06]} 28. Na4 {[%emt 0:00:48]} Re8 {[%emt 0:02:24]} 29. Qd2 {[%emt 0:00:11]} Bb5 {[%emt 0:01:14]} 30. Nxc5 {[%emt 0:01:08]} Rxe1+ {[%emt 0:00:16]} 31. Qxe1 {[%emt 0:00:03]} Qc8 {[%emt 0:00:05]} 32. Qe3 {[%emt 0:01:07]} Bd7 {[%emt 0:03:19]} 33. f3 {[%emt 0:01:27]} Qc7 {[%emt 0:00:12]} 34. Bf1 {[%emt 0:00:51]} Bc8 {[%emt 0:01:09]} 35. b4 {[%emt 0:00:29]} Qb6 {[%emt 0:01:54]} 36. a3 {[%emt 0:00:31]} Bb7 {[%emt 0:00:04]} 37. Qd4 {[%emt 0:00:32]} Qc7 {[%emt 0:00:36]} 38. Kg2 {[%emt 0:00:29]} Qe7 {[%emt 0:00:52]} 39. Nxb7 {[%emt 0:00:33]} Qxb7 {[%emt 0:01:05]} 40. Bxc4 {[%emt 0:00:25]} Qc7 {[%emt 0:00:00]} 41. Be2 {[%emt 0:30:32]} Qb8 {[%emt 0:07:36]} 42. a4 {[%emt 0:00:00]} Qe8 {[%emt 0:02:30]} 43. Bd1 {[%emt 0:00:00]} Qe1 {[%emt 0:01:47]} 44. b5 {[%emt 0:00:00]} Kg8 {[%emt 0:02:31]} 45. Bc2 {[%emt 0:00:00]} Qe2+ {[%emt 0:06:49]} 46. Qf2 {[%emt 0:00:00]} Qc4 {[%emt 0:00:06]} 47. Qd2 {[%emt 0:00:00]} Qc5 {[%emt 0:02:04]} 48. Bd3 {[%emt 0:00:00]} Kf8 {[%emt 0:00:59]} 49. Be2 {[%emt 0:00:00]} Ke7 {[%emt 0:00:56]} 50. a5 {[%emt 0:00:00]} Kd7 {[%emt 0:02:17]} 51. Qb2 {[%emt 0:00:00]} f5 {[%emt 0:03:20]} 52. Qe5 {[%emt 0:00:00]} fxg4 {[%emt 0:00:51]} 53. fxg4 {[%emt 0:00:16]} Qb4 {[%emt 0:02:00]} 54. b6 {[%emt 0:01:49]} 1/2-1/2